书目信息 |
| 题名: |
听CNN新闻学英语
|
|
| 作者: | ;《CNN英语丛书》编委会 编 | |
| 分册: | ||
| 出版信息: | 北京 世界图书出版公司 2004.02 |
|
| 页数: | 129页 | |
| 开本: | 26cm | |
| 丛书名: | ||
| 单 册: | ||
| 中图分类: | H319.9 | |
| 科图分类: | ||
| 主题词: | 英语 | |
| 电子资源: | ||
| ISBN: | 7-5062-6192-8 | |
| 000 | 00624nam0 2200193 45 | |
| 001 | 0459100923 | |
| 005 | 20041203103430.34 | |
| 010 | @a7-5062-6192-8@dCNY 10.00 | |
| 100 | @a20040526d2004 km y0chiy0120 ea | |
| 101 | 0 | @achi |
| 102 | @aCN@b110000 | |
| 200 | 1 | @a听CNN新闻学英语@Ating CNN xin wen xue ying yu@f《CNN英语丛书》编委会编@F《CNN ying yu cong shu》bian wei hui bian |
| 210 | @a北京@c世界图书出版公司@d2004.02 | |
| 215 | @a129页@d26cm | |
| 606 | 0 | @a英语 |
| 690 | 1 | @aH319.9@v4 |
| 711 | 0 | @a《CNN英语丛书》编委会@A《CNN ying yu cong shu》bian wei hui@4编 |
| 801 | 0 | @aCN@bPFT@c20041203 |
| 905 | @a10447@dH319.9@eY6281 | |
| 听CNN新闻学英语/《CNN英语丛书》编委会编.-北京:世界图书出版公司,2004.02 |
| 129页;26cm |
| ISBN 7-5062-6192-8:CNY 10.00 |
| ● |
| 相关链接 |
|
|
|
正题名:听CNN新闻学英语
索取号:H319.9/Y6281
 
预约/预借
| 序号 | 登录号 | 条形码 | 馆藏地/架位号 | 状态 | 备注 |
| 1 | 377419 | 203774193 | 语言库209/209语言库 111排2列6层/ [索取号:H319.9/Y6281] | 在馆 | |
| 2 | 377420 | 203774200 | 语言库209/209语言库 111排2列6层/ [索取号:H319.9/Y6281] | 在馆 | |
| 3 | 377421 | 203774219 | 语言库209/209语言库 111排2列6层/ [索取号:H319.9/Y6281] | 在馆 | |
| 4 | 377422 | 203774228 | 语言库209/209语言库 111排2列6层/ [索取号:H319.9/Y6281] | 在馆 | |
| 5 | 377423 | 203774237 | 语言库209/209语言库 111排2列6层/ [索取号:H319.9/Y6281] | 在馆 | |
| 6 | 430196 | 204301969 | 语言库209/209语言库 111排2列6层/ [索取号:H319.9/Y6281] | 在馆 | |
| 7 | 430197 | 204301978 | 语言库209/209语言库 111排2列6层/ [索取号:H319.9/Y6281] | 在馆 |